000 01183nam a22003497a 4500
003 CHAP
005 20220329134413.0
008 971013s1973 r 00010 d
010 _a20029
011 _a21001
035 _a25090
040 _cCHAP
090 _aTesis
100 0 0 _aBonilla Beas, Reyes.
_913692
245 _aDeterminación de algunas relaciones entre los suelos ylas asociaciones primarias y secundarias en Tuxtepec, Oaxaca
260 _aChapingo, Méx. :
_bEl autor,
_c1973
300 _a220 h.
_b; gráfs. mapas.
502 _aTesis (Ing. Agr. Esp. en Bosques) -- ENA. Departamento de Bosques
590 _aALEPH
_b10
_c20130110
_lUCH01
_h1243
590 _aBATCH-UPD
_b10
_c20130110
_lUCH01
_h1727
590 _aBATCH-UPD
_b10
_c20130410
_lUCH01
_h1109
590 _aBATCH-UPD
_b10
_c20130914
_lUCH01
_h0709
590 _aCONVERSION
_b10
_c20130109
_lUCH01
_h1312
650 1 4 _aBosques
_zOaxaca.
_914420
650 1 4 _aEcología forestal.
_935176
650 1 4 _aSuelos forestales.
_9110548
650 1 4 _aSuelos y cultivos.
_9110571
901 _aBK
942 _cFOLL
949 _bBC
_cTES
_d-57799
_eTS1
_i25090
_si
949 _bBC
_cTES
_d-57800
_eTS2
_fc.2
_i25090
_si
999 _c20029
_d20029